000 00637na a2200229 4500
001 13408
003 MIRAKIL
005 20181213155118.0
008 161010b tu 000 0
035 _a13408
040 _aMilas
_btur
_cTR-AnCHP
041 _atur
082 _a362.4
_bE53e 2012
090 _a362.4 E53e 2012
245 _aEngellilerle doğru iletişim klavuzu
_cHazırlayanlar: C. Pınar Karataş ...[ve öte.]
260 _aAnkara
_bÇankaya Belediyesi
_c2012
300 _a15 s.
_bres.
_c15 sm.
504 _aKaynakça var
650 _aEngelliler
_xİletişim
700 _aKarataş, C. Pınar
942 _2ddc
_cBKS
999 _c6753
_d6753